| 000 | 00433nam a2200121Ia 4500 | ||
|---|---|---|---|
| 008 | 230907s9999||||xx |||||||||||||| ||und|| | ||
| 082 |
_a697 _bMCD |
||
| 100 |
_aMcDowall, Robert, _986933 |
||
| 245 | 0 | _aFundamentals of HVAC systems : | |
| 260 |
_aAmerican Society of Heating, Refrigerating and Air-Conditioning Engineers eLearning ; | Elsevier, _bAtlanta, Ga : | Amsterdam ; | Boston : _c2007 |
||
| 300 | _aviii, 230 p. : | ||
| 942 | _cBK | ||
| 999 |
_c600850 _d600850 |
||